000 00348 a2200109 4500
001 ART_23934
005 20260410161932.0
008 260409a
245 1 0 _aEvaluación social de las inversiones en las industrias básicas
100 1 _aGuadagni, Alieto Aldo
773 0 _tInforme
_g- Año VI, Nº 42 (oct./dic. 1974)
_wREV23765
999 _c28737
_d28737